000 00713nam a2200241Ia 4500
003 OSt
005 20221006160851.0
006 a|||||r|||| 00| 0
007 ta
008 221006b |||||||| |||| 00| 0 eng d
020 _a9780231178587
_c
_ 65.00
024 _a46,663
037 _cTextual
040 _aEASL
_cEASL
_beng
041 _2eng
_aeng
082 _aV41.P10<--B79, Q6
100 _aYU Ying-Shih
_9675013
245 0 _aChinese history and culture Vol 1
_b Sixth century B. C. E. to Seventeenth century.
260 _aNew York
_bColumbia University Press
_c2016
300 _a400p.
_ccm.
942 _hV41.P10<--B79, Q6
_cTEXL
_2CC
999 _c1114753
_d1114753